1590 1785 1363 1262 1715 1168 1568 1832 1117 1791 1380 1247 1643 1422 1776 1710 1996 1919 1350 1771 1547 1190 1525 1377 1207 1463 1121 1828 1497 1639 1729 1638 1844 1082 1738 1259 1794 1399 1472 1962 1944 1268 1135 1830 1346 1905 1818 1799 1099 1857 1736 1121 1566 1849 1297 1718 1234 1305 1081 1002 1604 1502 1450 1083 1183 1387 1055 1448 1029 1659 1106 1567 1362 1711 1007 1872 1620 1033 1675 1620 1056 1777 1516 1733 1521 1872 1768 1968 1311 1575 1391 1931 1820 1080 1080 1351 1707 1249 1353 BCNSPRNW ULIB Ver.6.0+V

เปลี่ยนเป็นภาษาไทย

Change to English
 แสดงรายละเอียดบรรณานุกรม
  กลับหน้าหลัก

Brief Record : Get Marc (ISO 2709) : E-mail record : QR code < ปิดหน้าต่าง
LEADER : 00000nam 2200000uu 4500
001    13399122873
003     ULIB
008    131022s2555||||th 000 0 tha d
020    ^a9786162132186
050  4 ^aDS520^bส834ส
100    ^aสุภฤกษ์ บุญทอง
245    ^aสบายดี...ลาว/^cสุภฤกษ์ บุญทอง
250    ^aพิมพ์ครั้งที่ 1
260    ^aกรุงเทพฯ :^bสกายบุ๊กส์,^c2555
300    ^a72 หน้า
440  0 ^aชุด ประชาคมอาเซียนฉบับการ์ตูน
650  7 ^aอาเซียน^xเสริมความรู้
650  7 ^aลาว
945    ^p119^l0^i034093
999    ^aเกษร โพธิ์สุวรรณ
รายการนี้ยังไม่มีแท็ก
คุณยังไม่ได้ล็อกอิน คุณสามารถมีกิจกรรมร่วมกับเว็บไซต์ได้ แต่ต้องล็อกอินก่อน ::
  ล็อกอิน

รายการสื่อสารสนเทศ

ลำดับที่ ประเภท เลขเรียก/บาร์โค้ด สถานที่ สถานะ
1. การศึกษาทั่วไป
หนังสือสำรอง
สถานะ=หนังสือสำรอง
DS520 ส834ส ฉ.1 
  Barcode: 034093
ห้องสมุดวิทยาเขตสวรรค์ประชารักษ์
►หนังสือทั่วไป
บนชั้น

รายการใกล้เคียง
    ผู้แต่ง [สุภฤกษ์ บุญทอง]

    หัวเรื่อง [ลาว]

BibComment


ยังไม่เคยถูกคอมเมนท์

คอมเมนท์ทรัพยากรรายการนี้
  คอมเมนท์: สบายดีลาว สุภฤกษ..


 Copyright 2026. Bcnsprnw @Library